Catálogo
 En Linea
Vista normal Vista MARC

Entrada Nombre de reunión

Número de registros utilizados en: 1

001 - NÚMERO DE CONTROL

  • campo de control: 64882

003 - IDENTIFICADOR DEL NÚMERO DE CONTROL

  • campo de control: OSt

005 - FECHA Y HORA DE LA ÚLTIMA TRANSACCIÓN

  • campo de control: 20200615035512.0

008 - DATOS DE LONGITUD FIJA

  • campo de control de longitud fija: 200615|| aca||aabn | a|a d

040 ## - FUENTE DE LA CATALOGACIÓN

  • Centro catalogador/agencia de origen: OSt
  • Centro/agencia transcriptor: OSt

111 ## - ENCABEZAMIENTO--NOMBRE DE CONGRESO/REUNIÓN

  • Nombre de congreso/reunión o jurisdicción como elemento de entrada: Seminario taller situación socioeconómica y jurídica de la mujer dominicana
  • Fecha del congreso/reunión: (1988: 11-15 de julio
  • Sede del congreso/Lugar de la reunión: Jarabacoa, República Dominicana )

670 ## - FUENTE DE DATOS ENCONTRADOS

  • Cita de la fuente: Work cat.: (OSt)38036: Seminario taller situación socioeconómica y jurídica de la mujer dominicana (1988: 11-15 de julio Jarabacoa, República Dominicana ), Informe taller seminario situación socioeconómica y jurídica de la mujer dominicana., 1988.

Con tecnología Koha